| 000 | 00771nam a2200217 u 4500 | ||
|---|---|---|---|
| 005 | 20210223133252.0 | ||
| 008 | 170504s2011 r 000 0 eng d | ||
| 020 | _a9786077588429 (Bonilla Artigas) | ||
| 020 | _a9788484895800 (Iberoamericana) | ||
| 035 | _aUPN01000217526 | ||
| 049 | _aCG | ||
| 050 | 4 |
_aBV4208 M6 _bP4.2 |
|
| 100 | 1 |
_aPérez Martínez, Ramón Manuel, _d1969- _940478 |
|
| 245 | 1 | 4 |
_aLos cuentos del predicador : _bhistorias y ficciones para la reforma de costumbres en la Nueva España / _cManuel Pérez. |
| 260 |
_aMadrid : _bIberoamericana : _aBonilla Artigas, _c2011. |
||
| 300 | _a245 p. | ||
| 440 | 0 |
_aBiblioteca indiana ; _v29 |
|
| 650 | 4 |
_aORATORIA SAGRADA - _zMEXICO - _xHISTORIA - _ySIGLO XVII _912904 |
|
| 905 | _aLibro | ||
| 999 |
_c189626 _d189626 |
||